| 000 | 01053nam a22002537a 4500 | ||
|---|---|---|---|
| 999 |
_c64719 _d64719 |
||
| 005 | 20240530110746.0 | ||
| 008 | 181204s2018 ua g 000 0dara d | ||
| 017 |
_a2017/21724 _bمصر. دار الكتب |
||
| 020 | _a9789778122121 | ||
| 040 |
_aEG-CaGPL _cEG-CaGPL |
||
| 082 | 0 | 4 |
_221 _a303.625 / _bج إ |
| 100 | 0 | _aجاسم محمد | |
| 245 | 1 | 2 |
_aالاستخبارات الاوروبية : _bمعالجات ناقصة لظاهرة المقاتلين الاجانب : كيف تعاملت اجهزة الاستجبارات الاوربية مع ظاهرة المقاتلين الاجانب ؟ / _cجاسم محمد |
| 250 | _aط.1 | ||
| 260 |
_aالقاهرة : _bالمكتب العربى للمعارف، _c2018. |
||
| 300 |
_a316 ص. ؛ _c24 سم. |
||
| 650 | 0 | 7 |
_2qrmak _aالارهاب |
| 650 | 0 | 7 |
_2qrmak _aالتخريب والتدمير |
| 650 | 0 | 7 |
_2qrmak _aالتمرد والعصيان |
| 650 | 0 | 7 |
_2qrmak _aالجرائم السياسية |
| 651 | _2qrmak | ||
| 942 |
_2ddc _cBK |
||